| 000 | 00481nam a2200121Ia 4500 | ||
|---|---|---|---|
| 008 | 160712s9999 xx 000 0 und d | ||
| 100 | _aRodriguez, Ma. Corazon P. | ||
| 245 |
_cMa. Corazon P. Rodriguez _aInterpretive Stories (Kwentong Bayan) of Sariaya, Quezon and Tourism as a Lived Experience |
||
| 260 |
_c2011 _bSocial Science Diliman |
||
| 300 | _avol. 7 no. 1 | ||
| 650 | _xTOURISM | ||
| 856 | _uhttp://journals.upd.edu.ph/index.php/socialsciencediliman/issue/view/254/showToc | ||
| 999 |
_c297666 _d297666 |
||